| 000 | 00544nam a22002057a 4500 | ||
|---|---|---|---|
| 999 |
_c173366 _d173366 |
||
| 003 | Nust | ||
| 005 | 20180720111259.0 | ||
| 008 | 170123b xxu||||| |||| 00| 0 eng d | ||
| 020 |
_a9780330455862 _cRs. 476 |
||
| 038 | _aArshad | ||
| 040 | _aNUST- Fiction | ||
| 082 |
_a813.6 _bCAB |
||
| 100 |
_aCabot, Meg _911902 |
||
| 245 |
_aSize doesn't matter / _cby Meg Cabot |
||
| 260 |
_aUSA: _bPan books, _c2007. |
||
| 300 | _a280 p. | ||
| 650 |
_aWells, Heather (Fictitious character) _911919 |
||
| 650 |
_aSupervisors _911920 |
||
| 942 |
_2ddc _cBK |
||